|
|
|
|
| LEADER |
00000 a2200000 4500 |
| 001 |
ALPHAC_47863 |
| 003 |
XX-XxUND |
| 008 |
s2018 xx |||||||||||| ||||und d |
| 020 |
|
|
|a 9789560011664
|
| 035 |
|
|
|a 9789560011664
|
| 100 |
1 |
|
|a Baraoma, M.,Herra, E.
|e author
|
| 245 |
1 |
|
|a Danzando en la bruma junto al abismo
|
| 260 |
|
|
|a Chile
|b Chile
|c 2018-08-01 00:00:00
|
| 520 |
|
|
|a Ante el actual escenario de crisis global, los autores identifican cuatro crisis fundamentales de alcance general: el deterioro ambiental, la crisis económica, la crisis geopolítica o de hegemonía, y la crisis de nuestra civilización contemporánea. Identifican, además, el origen común de estos procesos: la crisis del sistema capitalista.
|
| 650 |
|
4 |
|a crisis de nuestra civilización contemporánea,crisis del sistema capitalista,crisis económica,Crisis global,deterioro ambiental,crisis geopolítica o de hegemonía
|
| 754 |
1 |
|
|a category
|c Ciencias Sociales
|
| 856 |
4 |
|
|u https://alphaeditorialcloud.uam.elogim.com/reader/danzando-en-la-bruma-junto-al-abismo
|z Texto completo
|